| 000 | 00562nam a22001937a 4500 | ||
|---|---|---|---|
| 003 | OSt | ||
| 005 | 20130514170618.0 | ||
| 008 | 130514s1995 sp ||||| |||| 00| 0 spa d | ||
| 020 | _a8431313331 | ||
| 040 | _cCDMR | ||
| 100 | 1 |
_93042 _aBarrera del Barrio, Carlos |
|
| 245 | 1 | 3 |
_aEl diario Madrid _b: realidad y símbolo de una época _cCarlos Barrera |
| 250 | _a2a ed. | ||
| 260 |
_aPamplona _bEdiciones Universidad de Navarra _c1995 |
||
| 300 | _a595 p. | ||
| 490 | 0 | _aCiencias de la información | |
| 610 | 2 |
_93411 _aMadrid (Diari) _xHistòria |
|
| 942 |
_2udc _cMON |
||
| 999 |
_c6225 _d6225 |
||